[Event "EICC 2017"]
[Site "Minsk"]
[Date "2017.05.31"]
[Round "2"]
[White "Lenic, Luka"]
[Black "Dastan, Muhammed Batuhan"]
[Result "1/2-1/2"]
[WhiteElo "2641"]
[BlackElo "2519"]
[Annotator "TA"]
[PlyCount "31"]
[EventDate "2017.??.??"]
[EventCountry "BLR"]
[SourceTitle "playchess.com"]
[Source "ChessBase"]
[SourceQuality "1"]

{[%evp 16,17,37,27]} 1. d4 d5 2. c4 c6 3. Nf3 Nf6 4. e3 {[%cal Be2e3,Be3e4][%mdl 32]} Bf5 5. Nc3 a6 6. Bd3 {D15: Slav Defence: 4 Nc3 a6 and gambit lines after 4 Nc3 dxc4} Bxd3 7. Qxd3 e6 8. O-O Be7 9. e4 {LiveBook: 55 Games} {Predecessor:} dxe4 $146 10. Nxe4 O-O 11. Rd1 Nbd7 12. b3 Qc7 13. Bb2 Rad8 14. Nxf6+ Bxf6 15. Qe2 c5 16. dxc5 {½-½ (16) Tomashevsky,E (2706)-Kamsky,G (2741) Tromsoe 2013} 1/2-1/2

[Event "EICC 2017"]
[Site "Minsk"]
[Date "2017.05.31"]
[Round "2"]
[White "Edouard, Romain"]
[Black "Sanikidze, Tornike"]
[Result "1/2-1/2"]
[WhiteElo "2640"]
[BlackElo "2518"]
[Annotator "TA"]
[PlyCount "29"]
[EventDate "2017.??.??"]
[EventCountry "BLR"]
[SourceTitle "playchess.com"]
[Source "ChessBase"]
[SourceQuality "1"]

{[%evp 14,17,30,-6,0,-10]} 1. Nf3 Nf6 2. c4 e6 3. g3 d5 4. Bg2 dxc4 5. Qa4+ Nbd7 6. Qxc4 a6 7. Qc2 c5 8. O-O b5 {[#] A13: English Opening: 1...e6} (8... b6 9. e4 Bb7 10. d3 Be7 11. a4 O-O 12. Na3 Nb8 13. Ne5 Nfd7 14. Nxd7 Nxd7 15. Nc4 b5 16. axb5 axb5 17. Rxa8 Bxa8 {½-½ (42) Hammer,J (2683)-Gajewski,G (2646) Reykjavik 2015}) 9. Ne5 $1 {[%mdl 512]} {Predecessor:} Nd5 $146 10. Nxd7 Qxd7 11. a4 Bb7 12. axb5 axb5 13. Rxa8+ Bxa8 14. Nc3 Nb4 15. Qb1 {½-½ (15) Maletin,P (2527)-Yudin,S (2508) Russia 2007} 1/2-1/2

[Event "EICC 2017"]
[Site "Minsk"]
[Date "2017.05.31"]
[Round "2"]
[White "Bartel, Mateusz"]
[Black "Balashov, Yuri S"]
[Result "0-1"]
[WhiteElo "2637"]
[BlackElo "2408"]
[Annotator "TA"]
[PlyCount "102"]
[EventDate "2017.??.??"]
[EventCountry "BLR"]
[SourceTitle "playchess.com"]
[Source "ChessBase"]
[SourceQuality "1"]

{[%evp 10,102,20,9,10,24,27,12,24,21,24,0,0,0,0,0,0,-10,0,0,0,0,0,0,-2,-13,0,0,0,0,0,0,0,0,36,38,45,5,6,0,39,-28,-20,-84,-88,-116,-129,-203,-207,-202,-203,-204,-204,-205,-202,-202,-218,-199,-170,-299,-298,-297,-301,-300,-284,-300,-264,-290,-277,-298,-307,-328,-320,-320,-320,-325,-332,-327,-320,-328,-310,-293,-285,-477,-465,-547,-512,-508,-483,-487,-472,-692,-651,-582,-548]} 1. e4 c5 2. Nf3 Nc6 3. Bb5 g6 4. O-O Bg7 5. Nc3 d6 6. e5 (6. d4 {is more complex.} cxd4 7. Nxd4 Bd7 8. Be3 Nf6 9. Be2) 6... dxe5 {B31: Sicilian: 2...Nc6 3 Bb5 g6} 7. Bxc6+ bxc6 8. Re1 f6 {The position is equal.} (8... Qc7 9. d3 c4 10. h3 Be6 11. Qe2 cxd3 12. cxd3 Nf6 13. Nxe5 Nd5 14. Na4 Bxe5 15. Qxe5 Qxe5 16. Rxe5 {½-½ (46) Nepomniachtchi,I (2751)-Gelfand,B (2724) Moscow 2017}) 9. b3 Nh6 10. Ba3 Qa5 11. Na4 c4 12. d4 cxd3 13. cxd3 Bg4 {[#]} 14. h3 $146 ({Predecessor:} 14. d4) 14... Bxf3 15. Qxf3 Qd5 16. Qe4 Nf5 17. Rac1 Nd4 18. Bb2 Qxe4 19. Rxe4 f5 20. Ree1 Rd8 21. Rc4 Rf8 22. Nc5 {[%mdl 1024] White has compensation.} Kf7 23. Kf1 Rfe8 24. Nb7 Rd7 25. Na5 {[#]} (25. Bxd4 $14 exd4 26. Nc5) 25... c5 $1 $36 {[%mdl 2560] Black fights for an advantage.} 26. Rxc5 (26. Bxd4 $11 {keeps the balance.} Rxd4 27. Rxd4 cxd4 28. Nc4) 26... Ne6 $17 27. Rb5 Nf4 ({Reject} 27... Rxd3 $6 28. Bxe5 a6 29. Rb6 $11) 28. Bxe5 (28. Nc4 $17) 28... Nxd3 $19 {Threatens to win with ...a6.} 29. Bxg7 {[#] And now Bc3 would win.} Nxe1 ({Worse is} 29... Kxg7 30. Re3 $11) 30. Bc3 Nd3 31. Nc4 Rc8 32. g3 Ke8 33. Kg2 Nc5 34. g4 (34. Ra5 {was called for.}) 34... Rb7 35. Rxb7 Nxb7 {[%mdl 4096] Endgame KRN-KBN} 36. Bd4 a6 37. Kf3 Nd8 38. Ke3 Ne6 39. Bc3 Rd8 40. Bd2 fxg4 41. hxg4 h5 42. gxh5 gxh5 43. Kf3 Kf7 44. Kg3 Kg6 45. Bb4 Rd3+ 46. f3 $2 (46. Kh4 Rd4+ 47. Kg3) 46... Kf6 {Black is clearly winning.} 47. Ba3 Nd4 48. Kf4 Nf5 {[%cal Rd3d4]} 49. Bb2+ Ke6 50. Be5 (50. Kg5 $142) 50... h4 51. Kg4 Ne3+ {Precision: White = 58%, Black = 79%.} 0-1

[Event "EICC 2017"]
[Site "Minsk"]
[Date "2017.05.31"]
[Round "2"]
[White "Savchenko, Boris"]
[Black "Mochalov, Evgeny V"]
[Result "1-0"]
[WhiteElo "2634"]
[BlackElo "2378"]
[Annotator "TA"]
[PlyCount "67"]
[EventDate "2017.??.??"]
[EventCountry "BLR"]
[SourceTitle "playchess.com"]
[Source "ChessBase"]
[SourceQuality "1"]

{[%evp 10,67,42,35,51,46,34,14,75,15,37,29,18,18,26,8,62,57,87,96,79,80,101,108,96,60,75,45,69,58,96,88,119,100,145,103,237,179,165,114,118,114,120,0,0,0,453,444,424,111,104,-486,-440,-450,0,0,0,0,803,798]} 1. e4 {[%cal Be2e4,Be4e5][%mdl 32]} c5 2. Nf3 g6 3. c3 Bg7 4. d4 cxd4 5. cxd4 d5 6. e5 Nh6 {B27: Sicilian: 2 Nf3, unusual Black 2nd moves} (6... Bg4 7. Bb5+ Nd7 8. O-O e6 9. Nbd2 Ne7 10. h3 Bxf3 11. Nxf3 a6 12. Bd3 O-O 13. h4 f6 14. exf6 Bxf6 {1-0 (37) Andreikin,D (2736)-Savchenko,B (2613) Sochi 2016}) 7. Bf4 f6 8. Bb5+ Bd7 (8... Nc6 $11) 9. Be2 $146 ({White should try} 9. exf6 $16 exf6 10. Qb3) ({Predecessor:} 9. Qe2 O-O 10. O-O fxe5 11. Bxh6 e4 12. Bxd7 Nxd7 13. Ng5 Bxh6 14. Ne6 {1-0 (23) Hoffmann,H (2280)-Liebert,H (2370) Germany 1996}) 9... Nc6 10. exf6 exf6 11. Nc3 g5 12. Be3 Ne7 (12... Be6 $1 $11) 13. h4 $14 g4 14. Ng1 f5 15. Bd3 f4 16. Bxf4 O-O 17. Bg5 Nhf5 18. Nge2 (18. Bxf5 $5 Rxf5 19. Nge2 $14) 18... h6 19. Be3 (19. Bxf5 $5 Rxf5 20. Be3 $14) 19... Nxe3 20. fxe3 h5 21. Qb3 Rc8 22. Kd2 ({Don't take} 22. Qxb7 Rb8 $16) 22... Rf2 (22... Rc6 $16) 23. Raf1 Rxg2 24. Nxd5 (24. Be4 $18 Rxe2+ 25. Nxe2 (25. Kxe2 Be6 $16)) 24... Kh8 $16 {[#] Threatens to win with ...Be6.} 25. Ndc3 {Black must now prevent Rf7.} Bc6 26. Qf7 ({White should play} 26. Qe6 $16) 26... Be8 $11 27. Qe6 $40 {[%mdl 128] White mounts an attack.} Bc6 $2 {[%mdl 8192]} (27... Rc6 $1 $11 {and Black stays safe.} 28. Qe4 Rxe2+ 29. Kxe2 Bg6) 28. Rf7 $18 Rxe2+ 29. Kxe2 $2 (29. Nxe2 $18 {and White stays clearly on top.} Bd5 30. Qxe7 Qxe7 31. Rxe7 Bxh1 32. Ng3) 29... Qb6 $16 30. Kd2 $2 {[%mdl 8192]} (30. Qb3 $16 {Strongly threatening Be4.} Qxb3 31. axb3 Bxh1 32. Rxe7) 30... Qxb2+ $19 31. Bc2 Ba4 $2 {[#]} (31... Bxh1 $19 32. Qb3 Qxb3 33. Bxb3 Re8) 32. Qxc8+ $1 $11 {[%mdl 512]} Nxc8 33. Nxa4 Nd6 $2 {[%mdl 8192]} (33... Qb4+ $11 34. Nc3 Nb6) 34. Nxb2 {Precision: White = 42%, Black = 32%.} 1-0

[Event "EICC 2017"]
[Site "Minsk"]
[Date "2017.05.31"]
[Round "2"]
[White "Lupulescu, Constantin"]
[Black "Moskalenko, Alexander"]
[Result "1-0"]
[WhiteElo "2631"]
[BlackElo "2514"]
[Annotator "TA"]
[PlyCount "119"]
[EventDate "2017.??.??"]
[EventCountry "BLR"]
[SourceTitle "playchess.com"]
[Source "ChessBase"]
[SourceQuality "1"]

{[%evp 15,119,0,54,52,48,43,56,49,54,53,55,47,50,56,81,28,41,35,35,39,40,47,75,81,67,75,86,53,101,85,150,148,136,110,110,104,110,116,102,78,79,80,78,62,82,76,255,215,219,205,212,196,174,104,120,127,120,120,138,133,133,130,124,111,114,0,131,106,120,120,137,124,141,150,150,130,130,119,130,130,125,112,112,110,202,195,245,237,238,200,322,334,420,317,403,434,441,437,499,481,1529,1560,1318,1053,718,715]} 1. d4 Nf6 2. c4 e6 3. Nf3 b6 4. Bf4 Bb7 5. e3 Bb4+ 6. Nfd2 O-O 7. a3 Be7 8. Nc3 c5 (8... d6 $11) 9. d5 $1 $14 {[%cal Rd5d6] E12: Queen's Indian: Unusual White 4th moves, 4 a3, 4 Nc3 Bb7 5 a3 and 4 Nc3 Bb7} (9. dxc5 bxc5 10. Nf3 d6 11. Be2 Qb6 12. O-O Nbd7 13. Rb1 Ne4 14. Qc2 Nxc3 15. Qxc3 Be4 16. Bd3 Bxd3 17. Qxd3 {0-1 (34) Gelfand,B (2743)-Wojtaszek,R (2744) Beijing 2014}) 9... d6 10. e4 Ne8 11. Bd3 {White is slightly better.} Bf6 $146 ({Predecessor:} 11... Nc7 12. O-O Bf6 13. Qg4 Bc8 14. e5 exd5 15. Bxh7+ Kxh7 16. Qh5+ {1-0 (56) Dominguez Carmona,M (2051)-Valderrama Arroyo,V (1914) Madrid 2008}) 12. Nf3 Nd7 13. O-O Ne5 14. Nxe5 Bxe5 15. Be3 ({White should play} 15. Bxe5 $16 dxe5 16. Qh5) 15... Nf6 16. h3 Re8 17. Qd2 exd5 18. exd5 Bxc3 19. Qxc3 Nd7 20. Rae1 Ne5 21. Bc2 Ba6 22. b3 Qf6 ({Black should try} 22... b5) 23. Bc1 Rad8 24. Re4 Nd7 25. Qd3 Rxe4 26. Qxe4 Nf8 27. Re1 Ng6 28. h4 Qe5 29. Bd2 Qxe4 30. Rxe4 f5 $2 (30... Bc8 $16) 31. Re1 Bc8 32. Bg5 Rf8 33. h5 Ne5 34. h6 ({Worse is} 34. Be7 Re8 $17) (34. f4 $18 Nf7 35. Bh4) 34... gxh6 35. Bxh6 ({And not} 35. Be7 Re8 $17) 35... Re8 {[#] Hoping for ...Nf3+!} 36. Re3 Kf7 37. Bf4 Bd7 38. Rh3 Kg7 39. Rg3+ Kf6 40. Rh3 Kg7 41. Bh6+ Kg6 42. Bd2 {[#] aiming for Rh6+.} Ng4 43. Kf1 {Threatens to win with Bf4.} h5 44. Bf4 Ne5 45. Bd1 $36 {[%mdl 2048] White is really pushing.} Rh8 46. Be2 Nf7 47. Rg3+ Kf6 48. Bd2 {Bc3+ is the strong threat.} h4 49. Rh3 {Black must now prevent Bc3+.} Kg6 (49... f4 $16 {was called for.}) 50. f4 $18 a6 51. Be1 b5 52. Rxh4 Nh6 (52... Rh6 $142 53. Bd3 Kg7) 53. Bc3 Rb8 54. Bh5+ Kh7 55. Bf6 bxc4 {White is clearly winning.} 56. bxc4 Rb1+ 57. Ke2 Kg8 (57... Rb7 $142 58. Kd2 a5) 58. Bg6 Nf7 59. Rh7 {White threatens Rg7+ and mate.} Be8 60. Bxf5 {Precision: White = 69%, Black = 50%.} 1-0

[Event "EICC 2017"]
[Site "Minsk"]
[Date "2017.05.31"]
[Round "2"]
[White "Demchenko, Anton"]
[Black "Kotronias, Vasilios"]
[Result "1-0"]
[WhiteElo "2629"]
[BlackElo "2508"]
[Annotator "TA"]
[PlyCount "97"]
[EventDate "2017.??.??"]
[EventCountry "BLR"]
[SourceTitle "playchess.com"]
[Source "ChessBase"]
[SourceQuality "1"]

{[%evp 9,97,28,16,21,63,39,59,-21,19,-23,50,37,27,43,34,20,32,28,49,16,60,57,72,54,108,98,158,153,174,168,172,166,154,105,197,165,316,336,422,437,421,423,368,368,431,400,398,398,375,337,424,413,502,491,512,553,483,487,473,449,416,271,379,271,259,239,237,235,220,172,170,129,130,131,112,94,88,87,12840,12841,12841,12841,12844,12843,12843,12843,12844,12844,12845,12844]} 1. d4 d5 2. Nc3 Nf6 3. Bf4 g6 4. Qd2 (4. e3 Bg7 5. h4 h5 6. Be2 O-O 7. Nf3 c5 8. dxc5 Qa5 9. O-O Qxc5 10. Nb5 a6 11. Nc7 {½-½ (42) Naiditsch,A (2702)-Carlsen,M (2838) Karlsruhe 2017}) 4... c6 5. f3 b5 6. a3 {D00: 1 d4 d5: Unusual lines} e6 $146 ({Predecessor:} 6... Bg7 7. Bh6 Bxh6 8. Qxh6 Qd6 9. e3 e5 10. Bd3 Nbd7 11. Nge2 {1-0 (27) Jobava,B (2713)-Winants,L (2545) Tromsoe 2014}) 7. Nh3 Nbd7 8. e3 (8. e4 $14) 8... a6 9. Be2 h6 ({Better is} 9... Nh5 $11) 10. e4 $14 Bb7 11. Nf2 c5 12. exd5 Nxd5 13. Nxd5 Bxd5 14. dxc5 Bxc5 15. Nd3 $36 {[%mdl 2048] White has the initiative.} Be7 16. Nb4 Bxb4 (16... Bb7 $14) 17. axb4 g5 (17... Qh4+ $142 18. Bg3 Qf6) 18. Be3 f6 19. h4 Kf7 20. f4 gxf4 21. Bh5+ Ke7 (21... Kg7 $16 22. Bxf4 Rg8) 22. Bxf4 $18 Rg8 $2 (22... Ne5) 23. O-O-O Ne5 24. Bxe5 $1 fxe5 25. Rhf1 Rf8 26. Qxh6 Rxf1 27. Rxf1 {[#] Hoping for Qe3.} Kd6 28. Rd1 e4 29. Qe3 Rc8 30. Bg6 Qxh4 31. Bxe4 Rc4 32. Bxd5 exd5 {[%mdl 4096] Endgame KQR-KQR} 33. Qb6+ Rc6 34. Qb8+ Rc7 35. Qf8+ Qe7 36. Qf3 {[%csl Gd1][%cal Rf3d5]} Qe5 37. Kb1 Kc6 38. Qf2 Kb7 39. Re1 Qd6 40. c3 d4 41. cxd4 ({Don't take} 41. Qxd4 Qxd4 42. cxd4 Rg7 $14) 41... Qxb4 42. Qf3+ Ka7 43. Re8 {Intending Qa8+ and mate.} Qxd4 $2 {[%mdl 8192]} (43... Rb7 $16) 44. Qa8+ {White is clearly winning.} Kb6 {[#]} 45. Re6+ $1 ({Inferior is} 45. Qb8+ Rb7 $11) 45... Kc5 46. Qf8+ Kc4 47. Ka2 b4 48. b3+ Kc3 49. Qf3+ {Precision: White = 77%, Black = 24%.} 1-0

[Event "EICC 2017"]
[Site "Minsk"]
[Date "2017.05.31"]
[Round "2"]
[White "Salgado Lopez, Ivan"]
[Black "Erenberg, Ariel"]
[Result "1/2-1/2"]
[WhiteElo "2627"]
[BlackElo "2370"]
[Annotator "TA"]
[PlyCount "173"]
[EventDate "2017.??.??"]
[EventCountry "BLR"]
[SourceTitle "playchess.com"]
[Source "ChessBase"]
[SourceQuality "1"]

{[%evp 18,173,3,21,53,46,105,98,100,89,90,-50,-50,-66,-52,-51,0,0,1,-20,-26,-29,-32,-29,0,0,0,0,0,0,0,0,23,0,47,47,46,47,37,18,18,18,58,33,33,33,38,27,31,30,65,64,64,43,74,77,73,78,51,29,17,0,0,0,0,0,0,10,12,0,0,0,0,0,0,0,0,0,0,0,0,0,0,0,0,0,0,0,0,0,0,0,0,0,0,0,0,0,8,8,8,8,8,8,8,8,8,8,8,8,8,0,8,0,0,0,0,0,0,0,0,0,0,0,0,0,0,0,8,8,8,8,8,8,8,8,8,8,8,8,8,0,0,0,0,0,0,0,0,0,0,0,0,0,0,0,0,0]} 1. e4 e5 2. Nf3 Nc6 3. d4 exd4 4. Nxd4 Bc5 5. Nb3 Bb6 6. Nc3 Nf6 7. Bg5 h6 8. Bh4 O-O {C45: Scotch Game} (8... Qe7 9. Bc4 g5 10. Bg3 d6 11. Qe2 Bd7 12. O-O-O O-O-O 13. Rhe1 Ne5 14. Nd4 Rhe8 15. Bb3 Kb8 16. Kb1 {1-0 (46) Dominguez Perez,L (2739)-Fressinet,L (2672) Doha 2016}) 9. Qe2 Nd4 10. Qd3 {LiveBook: 5 Games} Nxb3 11. axb3 d6 (11... c6 $14) 12. O-O-O $146 ({Predecessor:} 12. Nd5 g5 13. Nxb6 cxb6 14. Bg3 Nxe4 {½-½ (30) Leao,T (2011)-Bueno Filho,J (2112) Belo Horizonte 2015}) 12... Re8 13. Be2 c6 14. Qg3 ({White should play} 14. f4 $16) 14... Qe7 $1 $15 15. Rhe1 g5 ({Worse is} 15... Nxe4 16. Nxe4 Qxe4 17. Bf6 $18) 16. f4 $1 {[%cal Rf4g5]} Nxe4 ({Black should try} 16... Nh7 $1 $15 17. fxg5 hxg5) 17. Nxe4 $11 Qxe4 18. fxg5 Qe3+ 19. Kb1 Qxg3 20. Bxg3 hxg5 21. Bc4 $36 {[%mdl 2048] White is pushing.} Bf5 {...d5 is the strong threat.} 22. Rf1 Be6 23. Rxd6 Rad8 24. Bxe6 fxe6 25. c3 Bc7 26. Rxd8 Bxd8 $14 {[%mdl 4096] Endgame KRB-KRB} 27. Kc2 Be7 28. Kd3 Rd8+ 29. Ke4 a6 30. b4 (30. Ke5 $5 {[%cal Re5e6]}) 30... Rd2 31. Rf2 Rd1 32. Re2 Kf7 33. Kf3 Bd6 34. Bxd6 Rxd6 {KR-KR} 35. Kg4 $1 {[%cal Rg4g5]} Kf6 {[#]} 36. Kh5 $1 Rd5 37. g4 c5 38. bxc5 Rxc5 39. Kh6 {The position is equal.} Rc4 $1 {[%cal Rc4g4]} 40. h4 Rxg4 {[%cal Rg4h4] [#]} ({Much weaker is} 40... gxh4 $6 41. g5+ Kf5 42. g6 $14) 41. Rf2+ Ke7 42. hxg5 e5 43. g6 e4 $1 44. Rf7+ Ke8 45. Rf5 Ke7 46. Rf7+ Ke8 47. Kh5 Rg2 48. Rxb7 e3 49. Rb4 Ke7 $1 50. Re4+ Kf6 51. Rxe3 {Threatens to win with Rf3+.} Rh2+ 52. Kg4 Rxb2 53. Kf4 (53. Kh5 {is interesting.} Rh2+ 54. Kg4 Kxg6 55. Re6+ Kf7 56. Rxa6 Rc2 57. Rc6) 53... Kxg6 54. Ke5 Kf7 55. Kd4 Rb8 56. c4 Re8 57. Ra3 Ke7 58. Rxa6 {With the idea Kc5.} Kd7 $1 59. Kd5 Re1 60. Ra7+ Kc8 61. Kd6 Rh1 62. Rc7+ Kb8 {aiming for ...Rh6+.} 63. Re7 (63. Rf7 {is more complex.} Rh6+ 64. Kd5 Kc8 65. Re7 Rh5+ 66. Kc6) 63... Rh6+ 64. Kd7 (64. Kc5 {seems wilder.} Kc8 65. Re5 Kb7 66. Kb5 Rb6+ 67. Ka5) 64... Rh5 65. Re6 {Hoping for Kc6.} Kb7 66. Kd6 Kb6 67. Rg6 Rc5 {White must now prevent ...Rc6+.} 68. Rg4 (68. Rg8 {looks sharper.} Rxc4 69. Rh8 Rd4+ 70. Ke5 Rc4 71. Kd6) 68... Rh5 69. Rg1 Rh6+ 70. Kd5 Rh5+ 71. Kd4 Rh4+ 72. Kc3 Kc5 73. Rg5+ Kc6 74. Kb4 Rh6 75. Ra5 {White wants to mate with Ra6+.} Rh1 76. Ra6+ Kb7 77. Rg6 Rh5 78. Rf6 Kc7 79. c5 Rh1 80. Rf7+ Kc6 81. Rf6+ Kc7 82. Rb6 (82. Kb5 $5 {[%cal Rf6f7]}) 82... Rb1+ 83. Ka5 Ra1+ 84. Kb5 Rb1+ 85. Ka5 (85. Ka4 $5 {[%cal Rb6b1]} Rxb6 86. cxb6+ Kxb6 $11) 85... Ra1+ 86. Kb5 Rb1+ 87. Ka5 {Precision: White = 67%, Black = 78%.} (87. Kc4 $5 {[%cal Rb6b1]} Rxb6 88. cxb6+ Kxb6 $11) 1/2-1/2

[Event "EICC 2017"]
[Site "Minsk"]
[Date "2017.05.31"]
[Round "2"]
[White "Andriasian, Zaven"]
[Black "Jurcik, Marian"]
[Result "1/2-1/2"]
[WhiteElo "2622"]
[BlackElo "2501"]
[Annotator "TA"]
[PlyCount "36"]
[EventDate "2017.??.??"]
[EventCountry "BLR"]
[SourceTitle "playchess.com"]
[Source "ChessBase"]
[SourceQuality "1"]

{[%evp 18,29,10,12,9,12,16,20,12,0,0,8,10,-16]} 1. e4 c5 2. Nf3 d6 3. d4 cxd4 4. Nxd4 Nf6 5. Nc3 a6 6. Be3 e5 7. Nf3 Be7 8. Bc4 O-O 9. O-O Nc6 10. Qe2 {The position is equal.} Na5 {B90: Sicilian Najdorf: Unusual White 6th moves, 6 Be3 Ng4 and 6 Be3 e5} 11. Bb3 h6 12. Rfd1 {And now Nxe5! would win.} Nxb3 13. axb3 {Black must now prevent Nxe5!} (13. cxb3 $5 {[%cal Rf3e5]} Bd7 14. Ne1 $11) 13... Qe8 14. Nd2 b5 15. Nxb5 {[#]} {Predecessor:} Bg4 $146 16. f3 Qxb5 17. Qxb5 axb5 18. fxg4 Nxg4 {½-½ (128) Movsesian,S (2618)-Areshchenko,A (2660) Sochi 2006} 1/2-1/2

[Event "EICC 2017"]
[Site "Minsk"]
[Date "2017.05.31"]
[Round "2"]
[White "Maze, Sebastien"]
[Black "Birnboim, Nathan"]
[Result "1/2-1/2"]
[WhiteElo "2619"]
[BlackElo "2358"]
[Annotator "TA"]
[PlyCount "70"]
[EventDate "2017.??.??"]
[EventCountry "BLR"]
[SourceTitle "playchess.com"]
[Source "ChessBase"]
[SourceQuality "1"]

{[%evp 9,70,32,32,25,32,26,26,23,45,27,23,13,22,0,9,-24,-7,-8,-14,-15,-4,-73,-76,-66,-72,-203,-183,-200,-193,-222,-184,-214,-196,-118,-122,-187,-166,-192,-187,-174,-176,-227,-155,-143,-121,-335,-335,-335,-330,-347,-343,-448,-158,-150,-152,-148,-156,-155,0,0,-3,-2,-16]} 1. d4 Nf6 2. Bf4 b5 3. e3 Bb7 4. Nf3 a6 5. a4 (5. Bd3 d6 6. h3 Nbd7 7. Bh2 c5 8. O-O c4 9. Be2 g6 10. b3 d5 11. Ne5 Bg7 12. Bf3 Nxe5 13. Bxe5 {1-0 (30) Pakleza,Z (2480)-Lubczynski,R (2418) Zgierz 2017}) 5... b4 6. h3 {A46: 1 d4 Nf6 2 Nf3 e6: Torre, London and Colle Systems} e6 7. Nbd2 Be7 8. Bd3 {White has an edge.} d5 $146 ({Predecessor:} 8... a5 9. O-O O-O {1-0 (23) Prokopisin,V (2361)-Kadas,G (2224) Nyiregyhaza 2003}) 9. c4 c5 {[%cal Bc7c5,Bc5d4][%mdl 32]} 10. cxd5 Nxd5 11. Bh2 cxd4 12. e4 Nf6 {[%cal Bd5f6,Bf6d7,Bd7c5][%mdl 32]} 13. Qe2 Nfd7 14. Nb3 Nc6 15. e5 (15. a5 $11 {keeps the balance.}) 15... Na5 $1 $17 {[%cal Ra5b3]} 16. Nbxd4 Nc5 $36 {[%mdl 2048] White is under strong pressure.} 17. Bc2 (17. Rd1 $17) 17... b3 $19 18. Bb1 {[#]} Bd5 $1 {[%cal Bb7d5,Bd5c4,Bc4d3,Bd3c2][%mdl 32]} ({Not} 18... Nc6 19. Nxc6 Bxc6 20. O-O $15) 19. Qe3 Bc4 20. Bf4 Qb6 21. Ne2 Qb4+ 22. Qc3 (22. Qd2 $17 Nc6 23. Ned4 Nxd4 24. Qxb4 Nd3+ 25. Bxd3 Bxb4+ 26. Kd1 Bxd3 27. Nxd4) 22... Qxc3+ ({Resist} 22... Nxa4 23. Qxb4 Bxb4+ 24. Bd2 $17) 23. Nxc3 Nd3+ 24. Bxd3 Bxd3 25. O-O-O (25. Bd2 {is a better defense.}) 25... O-O-O 26. Ng5 Bc2 27. Rxd8+ $2 (27. Nxf7 $17 Rxd1+ 28. Nxd1) 27... Rxd8 28. g3 Rd3 29. Nge4 Nc4 30. Re1 {[#]} Bb4 $2 (30... g5 $1 $19 {[%mdl 512] is more deadly.} 31. Be3 (31. Bxg5 $2 Bxg5+ 32. f4 Bh6 $19) (31. Nxg5 Ba3) 31... Nxe5) 31. Re2 $17 h6 32. h4 Bxc3 33. Nxc3 Rxc3 $2 ({Black should try} 33... Kc7 $17 {And now ...Rf3 would win.} 34. Rxc2 bxc2 35. Kxc2 Rf3) 34. bxc3 $11 Bd3 35. Rb2 Nxb2 {Precision: White = 38%, Black = 63%.} 1/2-1/2